Statistics for Country by foods Picture quiz #2

Click here to take the quiz!

General Stats

  • This quiz has been taken 80 times
  • The average score is 6 of 15

Answer Stats

Answer% Correct
Spain (Paella Mixta)
85%
China (Peking Duck)
76%
Greece (Souvlaki)
64%
Thailand (Pad Thai)
61%
Norway / Sweden / Denmark (Lutefisk)
54%
Ukraine (Borscht)
54%
Poland (Pączki)
46%
Argentina (Empanada)
43%
Austria (Apple Strudel)
40%
South Africa (Biltong)
40%
Peru (Papa a la huancaína)
28%
Denmark (Stegt flæsk)
21%
Israel (Bourekas)
16%
Jamaica (Bammy)
10%
Myanmar (Laphet)
3%

Score Distribution

Percentile by Number Answered

Percent of People with Each Score

Your Score History

You have not taken this quiz